000 00490pab a2200181 454500
008 180718b2009 xxu||||| |||| 00| 0 eng d
100 _aMcClurg, Scott D.
245 _aLiving in a battleground: Presidential campaigns and fundamental predictors of vote choice
260 _c2009
300 _ap.495-506.
362 _aSep
650 _aElections
650 _aPresidents
700 _aHolbrook, Thomas M.
773 _aPolitical Research Quarterly
908 _aN
909 _a84742
999 _c84742
_d84742